00324nam a2200133Ia 4500008004100000041000800041082001700049100001800066245002900084250001400113260003200127300002600159365000500185240624s9999 xx 000 0 und d aeng a621.3825 PRA aPRATT TIMOTHY aSATELLITE COMMUNICATIONS a(2nd ed.) c2004aSingaporebJohn Wiley axix, : 536 : cm. ; 24 c